00511nam a2200133Ia 4500008004100000082001700041100001900058245008500077260007100162300000900233942001200242999001900254952010400273210430s9999 xx 000 0 und d a327.2S8935 S aAnwar Dil9360 aStrategy, Diplomacy, Humanity: life and work of Shabzada Yaqub-Khan /cAnwar Dil aIslamabad bIntercultural Forum Takshila Research Universityc2005 a396p cBK2ddc c563153d563153 00102ddc4070aSCMEbSCMEcGENd0006-03-11o327.2 S 8935 SpSCME-2062r2021-04-30w2021-04-30yBK